North American Sports Teams (MLB,NFL,NBA,NHL,WNBA,UFL,MLS) By City - Statistics

General Stats
  • This quiz has been taken 34 times
  • The average score is 97 of 175
Answer Stats
City Answer % Correct
Buffalo Bills
93%
Miami Dolphins
93%
Miami Heat
89%
Miami Marlins
81%
Brooklyn Nets
81%
Green Bay Packers
81%
Buffalo Sabres
81%
Chicago Bears
78%
Orlando Magic
78%
San Francisco 49ers
74%
Philadelphia 76ers
74%
Denver Broncos
74%
Boston Celtics
74%
Atlanta Falcons
74%
New York | Winnipeg Jets
74%
Charlotte | Detroit | Miami Panthers
74%
Arlington | New York Rangers
74%
Minneapolis Vikings
74%
Chicago White Sox
74%
Cincinnati Bengals
70%
Kansas City Chiefs
70%
Chicago Cubs
70%
Philadelphia Eagles
70%
New York | San Francisco Giants
70%
Atlanta Hawks
70%
Charlotte Hornets
70%
Jacksonville Jaguars
70%
Los Angeles | Sacramento Kings
70%
Edmonton Oilers
70%
Boston Patriots
70%
Los Angeles Rams
70%
Baltimore Ravens
70%
Cincinnati Reds
70%
Boston Red Sox
70%
Pittsburgh Steelers
70%
Houston Texans
70%
New York Yankees
70%
Cleveland Browns
67%
Milwaukee Bucks
67%
Phoenix | St. Louis Cardinals
67%
Washington D.C Commanders
67%
Dallas Cowboys
67%
Los Angeles Dodgers
67%
Anaheim Ducks
67%
Memphis Grizzlies
67%
New York Islanders
67%
New York Knicks
67%
Seattle Kraken
67%
New York Mets
67%
Denver Nuggets
67%
Las Vegas Raiders
67%
Toronto Raptors
67%
New Orleans Saints
67%
San Jose Sharks
67%
Dallas Stars
67%
Oklahoma City Thunder
67%
Minneapolis Timberwolves
67%
Nashville Titans
67%
Washington D.C Wizards
67%
Los Angeles Angels
63%
Tampa Buccaneers
63%
Chicago Bulls
63%
Montreal Canadiens
63%
Vancouver Canucks
63%
Washington D.C Capitals
63%
Indianapolis Colts
63%
Calgary Flames
63%
Philadelphia Flyers
63%
Las Vegas Golden Knights
63%
Los Angeles Lakers
63%
Seattle Mariners
63%
Dallas Mavericks
63%
Baltimore Orioles
63%
Pittsburgh Pirates
63%
Nashville Predators
63%
Tampa Rays
63%
Seattle Seahawks
63%
Ottawa Senators
63%
San Antonio Spurs
63%
New London Sun
63%
Phoenix Suns
63%
Detroit Tigers
63%
Portland Trailblazers
63%
San Francisco Warriors
63%
Minneapolis Wild
63%
Columbus Blue Jackets
59%
Toronto Blue Jays
59%
St. Louis Blues
59%
Boston Bruins
59%
Los Angeles Chargers
59%
Jersey City Devils
59%
Tampa Lightning
59%
Detroit Lions
59%
Washington D.C Nationals
59%
Indianapolis Pacers
59%
San Diego Padres
59%
New Orleans Pelicans
59%
Philadelphia Phillies
59%
New York Red Bulls
59%
Detroit Red Wings
59%
Houston Rockets
59%
Denver Rockies
59%
Minneapolis Twins
59%
Houston Astros
56%
Oakland Athletics
56%
Chicago Blackhawks
56%
Atlanta Braves
56%
Milwaukee Brewers
56%
Cleveland Cavaliers
56%
Los Angeles Clippers
56%
Chicago Fire
56%
Cleveland Guardians
56%
Salt Lake City Jazz
56%
Pittsburgh Penguins
56%
Kansas City Royals
56%
Denver Avalanche
52%
Phoenix Diamondbacks
52%
Los Angeles Galaxy
52%
Toronto Maple Leafs
52%
Detroit Pistons
52%
Houston Dynamo
48%
Salt Lake City Utah Hockey Club
48%
Raleigh Hurricanes
44%
Philadelphia Union
44%
Washington D.C D.C. United
41%
New York Liberty
41%
Seattle Sounders
41%
Portland Timbers
41%
Columbus Crew
37%
Indianapolis Fever
37%
Boston Revolution
37%
Vancouver Whitecaps
37%
Las Vegas Aces
33%
Charlotte Charlotte FC
33%
San Jose Earthquake
33%
Dallas FC Dallas
33%
Minneapolis Lynx
33%
Los Angeles Sparks
33%
Toronto Toronto FC
33%
Austin Austin FC
30%
Cincinnati FC Cincinnati
30%
Salt Lake City Real Salt Lake
30%
Los Angeles LAFC
26%
Phoenix Mercury
26%
New York New York City FC
26%
Denver Rapids
26%
Chicago Sky
26%
Dallas Wings
26%
Atlanta Dream
22%
Washington D.C Mystics
22%
San Diego San Diego FC
22%
Kansas City Sporting Kansas City
22%
Seattle Storm
22%
Atlanta Atlanta United FC
19%
San Antonio Brahmas
19%
Montreal CF Montreal
19%
Miami Inter Miami CF
19%
Nashville Nashville SC
19%
Orlando Orlando City SC
19%
Arlington Renegades
19%
Birmingham Stallions
19%
St. Louis St. Louis City FC
19%
Washington D.C Defenders
15%
Minneapolis Minnesota United FC
15%
Houston Roughnecks
15%
Memphis Showboats
15%
San Francisco Valkyries
15%
St. Louis Battlehawks
11%
No matching quizzes found
Score Distribution
Percent of People with Each Score
Percentile by Number Answered
Your Score History
You have not taken this quiz